1647 1915 1742 1901 1713 1432 1868 1078 1359 1529 1270 1850 1879 1371 1389 1691 1736 1738 1789 1349 1825 1676 1641 1542 1252 1735 1978 1047 1078 1639 1568 1502 1936 1781 1878 1227 1911 1394 1657 1552 1007 1431 1873 1840 1899 1417 1809 1769 1159 1470 1680 1738 1601 1143 1069 1166 1983 1060 1077 1806 1379 1441 1142 1933 1761 1337 1101 1032 1208 1959 1871 1353 1723 1708 1313 1776 1736 1880 1428 1178 1216 1630 1592 1018 1837 1077 1102 1560 1844 1626 1781 1850 1619 1393 1542 1235 1088 1074 1527 BCNSPRNW ULIB Ver.6.0+V

เปลี่ยนเป็นภาษาไทย

Change to English
 แสดงรายละเอียดบรรณานุกรม
  กลับหน้าหลัก

Brief Record : Get Marc (ISO 2709) : E-mail record : QR code < ปิดหน้าต่าง
LEADER : 00000nam 2200000uu 4500
001    13399114559
003     ULIB
008    110627s2550||||th 000 0 tha d
020    9789749899342
090    นว.^bย731ค ล.9
100 0  โยโคมิโซะ เซซิ
245 00 คินดะอิจิยอดนักสืบ ตอนที่ 9 ในห้องที่ปิดตาย /^cโยโคมิโซะ เซซิ
250    พิมพ์ครั้งที่ 1
260    กรุงเทพฯ :^bBLISS publishing,^c2550
300    284 หน้า
710 1  BLISS publishing
945    ^p220^l0^i022063
995    ทศพร
999 ^a ใช้งานได้ทุกระบบ
รายการนี้ยังไม่มีแท็ก
คุณยังไม่ได้ล็อกอิน คุณสามารถมีกิจกรรมร่วมกับเว็บไซต์ได้ แต่ต้องล็อกอินก่อน ::
  ล็อกอิน

รายการสื่อสารสนเทศ

ลำดับที่ ประเภท เลขเรียก/บาร์โค้ด สถานที่ สถานะ
1. นวนิยาย
นวนิยาย
นว. ย731ค ล.9 ฉ.1 
  Barcode: 022063
ห้องสมุดวิทยาเขตสวรรค์ประชารักษ์
►นวนิยาย
บนชั้น
  ขอยืม

รายการใกล้เคียง
    ผู้แต่ง [โยโคมิโซะ เซซิ]

BibComment


ยังไม่เคยถูกคอมเมนท์

คอมเมนท์ทรัพยากรรายการนี้
  คอมเมนท์: คินดะอิจิยอดนักสื..


 Copyright 2026. Bcnsprnw @Library